Building type basics for retail and mixed-use facilities
Provides the nuts-and-bolts material to begin designing a retail or mixed-use facility. Features project photographs, diagrams and floor plans, and sections and details. Provides need-to-know information on such essential topics as consensus-based decision making, site selection, renovation, code co...
সংরক্ষণ করুন:
| বিন্যাস: | গ্রন্থ |
|---|---|
| ভাষা: | Undetermined |
| প্রকাশিত: |
New York
Wiley
2004
|
| বিষয়গুলি: | |
| ট্যাগগুলো: |
ট্যাগ যুক্ত করুন
কোনো ট্যাগ নেই, প্রথমজন হিসাবে ট্যাগ করুন!
|
| Thư viện lưu trữ: | Trung tâm Học liệu Trường Đại học Cần Thơ |
|---|
| LEADER | 00944nam a2200205Ia 4500 | ||
|---|---|---|---|
| 001 | CTU_162775 | ||
| 008 | 210402s9999 xx 000 0 und d | ||
| 020 | |c 80 | ||
| 082 | |a 658.87 | ||
| 082 | |b B932 | ||
| 245 | 0 | |a Building type basics for retail and mixed-use facilities | |
| 245 | 0 | |c Stephen A. Kliment, series founder and editor ; The Jerde Partnership with Vilma Barr | |
| 260 | |a New York | ||
| 260 | |b Wiley | ||
| 260 | |c 2004 | ||
| 520 | |a Provides the nuts-and-bolts material to begin designing a retail or mixed-use facility. Features project photographs, diagrams and floor plans, and sections and details. Provides need-to-know information on such essential topics as consensus-based decision making, site selection, renovation, code compliance, and more. | ||
| 650 | |a Retail trade,Stores, retail,Shopping centers | ||
| 650 | |x Planning,Planning | ||
| 904 | |i Giang | ||
| 980 | |a Trung tâm Học liệu Trường Đại học Cần Thơ | ||